An introduction to deductive logic

Gorde:
Xehetasun bibliografikoak
Egile nagusia: Leblanc, Hughes (Egilea)
Formatua: Liburua
Hizkuntza:ingelesa
Argitaratua: Nueva York John Wiley & Sons 1955
Gaiak:
Etiketak: Etiketa erantsi
Etiketarik gabe, Izan zaitez lehena erregistro honi etiketa jartzen!

MARC

LEADER 00000nam a2200000 a 4500
001 UCZ4578
003 CL-VaPUC
008 951110e19550000US |||||||||||||||||eng|d
082 0 4 |a 162  |b LEB  |2 21 
100 |a Leblanc, Hughes  |e author  |9 421297 
245 1 3 |a An introduction to deductive logic 
300 |a 244 p 
942 |c BK 
945 |d 19951110 00:00:00  |a cmena 
260 |a Nueva York  |b John Wiley & Sons  |c 1955 
650 0 |a Lógica  |9 256849 
650 7 |a DEDUCCION  |2 CL-VaPUC  |9 336246 
650 0 |a Teoría del conocimiento   |9 255038 
650 0 |a Filosofía de las ciencias  |9 256466 
650 0 |a Lingüística  |9 265068 
650 0 |a Cálculo  |9 260234 
583 |a last modification  |c 19951110 00:00:00  |k Rodrigo Vera 
999 |c 240948  |d 240946 
952 |0 0  |1 0  |4 0  |6 162_000000000000000_LEB_1955  |7 0  |8 P  |9 253075  |a BIBEDU  |b BIBEDU  |c BIBEDU_PB  |d 2019-11-19  |i 1596098  |o 162 LEB 1955  |p 1596098  |r 2024-01-25  |w 2019-11-19  |y BK  |k FIL